5 państw najbliżej położonych względem podanych państw #2 - Statystyki

Ogólne statystyki
  • Ten quiz został rozwiązany 89 razy
  • Średni wynik to 30 z 38
Statystyki odpowiedzi
Starting Country # Odpowiedź % Poprawnych
Korea Południowa 187 Chiny
99%
Korea Południowa 0 Korea Północna
97%
Irlandia 0 Wielka Brytania
96%
Korea Południowa 30 Japonia
95%
Irlandia 385 Belgia
94%
Urugwaj 0 Brazylia
94%
Saint Lucia, Irlandia, Tunezja 21, 257, 274 Francja
94%
Irlandia 411 Holandia
94%
Urugwaj 0 Argentyna
92%
Urugwaj 659 Chile
92%
Korea Południowa 291 Rosja
91%
Urugwaj 196 Paragwaj
90%
Tunezja 0 Algieria
88%
Singapur 6 Indonezja
88%
Urugwaj 640 Boliwia
87%
Bahrajn 10 Arabia Saudyjska
85%
Bahrajn 1 Katar
85%
Tunezja 0 Libia
83%
Singapur 1 Malezja
83%
Wyspy Zielonego Przylądka 476 Maroko
83%
Irlandia 512 Niemcy
79%
Bahrajn 129 Zjednoczone Emiraty Arabskie
76%
Korea Południowa 616 Tajwan
74%
Bahrajn 114 Iran
73%
Singapur 328 Tajlandia
71%
Wyspy Zielonego Przylądka 355 Senegal
69%
Tunezja 43 Włochy
69%
Singapur 495 Wietnam
68%
Bahrajn 205 Kuwejt
67%
Tunezja 184 Malta
65%
Singapur 597 Kambodża
63%
Wyspy Zielonego Przylądka 437 Gambia
59%
Wyspy Zielonego Przylądka 416 Mauretania
56%
Saint Lucia 26 Saint Vincent i Grenadyny
54%
Saint Lucia 82 Dominika
51%
Saint Lucia 91 Barbados
50%
Saint Lucia 111 Grenada
50%
Wyspy Zielonego Przylądka 482 Gwinea Bissau
50%
Nie znaleziono quizów pasujących do podanych kryteriów
Rozkład punktacji
Procent ludzi z każdym wynikiem
Percentyl według liczby udzielonych odpowiedzi
Twoja historia wyników
Nie rozwiązałeś tego quizu